[Event "ESP chT Honor Division 2019"]
[Site "Melilla"]
[Date "2019.10.03"]
[Round "4.18"]
[White "Vega Gutierrez, Sabrina"]
[Black "Argandona Riveiro, Inigo"]
[Result "0-1"]
[WhiteElo "2395"]
[BlackElo "2413"]
[Annotator "TA"]
[PlyCount "229"]
[EventDate "2019.09.30"]
[EventType "team-tourn"]
[EventCountry "ESP"]
[SourceTitle "playchess.com"]
[Source "ChessBase"]
[SourceQuality "1"]

{[%evp 13,229,24,23,30,28,24,30,25,34,13,15,16,18,0,0,0,30,16,71,0,0,0,8,-34,-34,-33,-20,-20,-23,-45,-45,-104,-76,-76,-76,-76,-76,-76,-74,-80,-78,-75,-75,-75,-70,-72,-69,-75,-69,-70,-48,-68,-75,-65,-60,-89,-89,-74,-87,-97,-99,-91,-89,-100,-64,-60,-61,-68,-68,-68,-68,-76,0,-57,-57,-66,-66,-85,-79,-101,-95,-101,-108,-108,-108,-107,-97,-100,-97,-90,-63,-139,-53,-89,-53,-58,-59,-59,-55,-100,-100,-100,-100,-139,-146,-139,-139,-139,-139,-139,-150,-151,-76,-76,-76,-76,-76,-76,-76,-76,-76,-76,-76,-95,-95,-95,-95,-95,-95,-93,-92,-92,-83,-87,-87,-90,-75,-86,0,-20,0,-85,-6,-102,-102,-102,-94,-92,0,0,0,0,0,0,0,0,0,0,0,0,0,0,0,0,0,0,0,0,0,0,0,0,0,0,0,0,0,0,0,0,0,0,0,0,0,0,0,0,0,0,0,0,0,0,0,-16,-9,-17,-18,-18,-25,-19,-25,-25,-53,-516,0,0,0,-47,0,0,0,0,0,-12850,-12851,-12851]} 1. e4 e5 2. Nf3 Nc6 3. Bc4 Nf6 4. d3 Be7 5. O-O ({Predecessor:} 5. c3 d6 6. a4 O-O 7. O-O Na5 8. Ba2 c5 9. Nbd2 Nc6 {½-½ (35) Hegarty,S (2098)-Addison,B (2266) Torquay 2009}) 5... O-O 6. Re1 d6 7. a4 Na5 8. Ba2 {C55: Two Knights: 4 d3, 4 d4 exd4 5 e5 and Max Lange Attack} c5 9. c3 $146 (9. Bd2 Nc6 10. h3 Be6 11. Na3 Bxa2 12. Rxa2 d5 13. exd5 Qxd5 14. Ra1 Rfe8 15. Nb5 Bd8 {0-1 (76) Mamedov,R (2667)-Yu,Y (2784) Hengshui 2019}) 9... Nc6 10. Nbd2 {[%cal Bb1d2,Bd2f1,Bf1g3][%mdl 32] White has an edge.} h6 11. Nf1 Be6 12. Bxe6 fxe6 13. Ng3 Qd7 14. Bd2 Rfe8 15. h3 Rad8 (15... Reb8 $11) 16. Nh2 (16. b4 $1 $16) 16... d5 $11 17. Ng4 d4 18. c4 Rf8 19. Rf1 Bd6 20. Nxf6+ Rxf6 21. Nh5 Rf7 22. f4 (22. Ng3 $15) 22... Rdf8 {[%cal Re5f4]} 23. f5 exf5 24. Rxf5 Rxf5 25. Qg4 {[%mdl 64] Pin} R8f7 ({And not} 25... R5f7 26. Nf6+ $1 {[%mdl 512]} Rxf6 27. Qxd7 $16) 26. exf5 Qxf5 27. Qxf5 Rxf5 28. Ng3 Rf8 29. Ne4 Be7 30. Rf1 Rb8 31. Kf2 a6 32. Ra1 b6 33. Ke2 Nd8 34. Ra3 Kf7 35. Rb3 Nc6 36. Kd1 Ke6 37. Ke2 Kd7 38. Ra3 Kc7 39. Ra1 b5 40. axb5 axb5 41. b3 b4 42. Rf1 Nd8 (42... Rf8 $17 {Threatens to win with ...Rxf1.} 43. Ra1 Kb6) 43. Kd1 (43. Rf5 $11) 43... Kd7 44. Kc2 Ra8 45. Kb2 Ke6 46. Ng3 Nf7 47. Ne4 Ra5 48. Ra1 Rxa1 49. Kxa1 $17 {[%mdl 4096] Endgame KBN-KBN} Kf5 50. Kb1 Nd8 51. Kc2 h5 52. g3 (52. g4+ $15 hxg4 53. Ng3+ Ke6 54. hxg4) 52... Nc6 ({Black should play} 52... Nf7 $17 53. Kc1 Ke6) 53. Kd1 Kg6 54. Bc1 Na5 55. Kc2 Nb7 56. Kd1 Kf5 57. Bd2 g6 58. Bc1 Nd6 59. Nxc5 {[#]} Nxc4 $1 {[%mdl 512]} 60. Ne4 (60. bxc4 Bxc5) 60... Nd6 61. g4+ hxg4 62. Ng3+ Ke6 ({Black should try} 62... Kf6 $1 63. hxg4 e4 $1 {[%mdl 512]}) 63. hxg4 Kd5 64. Bd2 Nb7 65. Kc2 Na5 66. Ne4 Nc6 67. Kd1 Nd8 68. Ke2 Nb7 69. Bh6 Na5 70. Nd2 Bh4 71. Bf8 Bg5 72. Ne4 Bf4 73. Bxb4 Nxb3 74. Ba3 Na5 75. Kf3 {[#]} Nc6 (75... Bh6 $1 $17) 76. Nf6+ $1 $11 Ke6 77. Ne4 (77. Ne8 $11 {keeps the balance.}) 77... Nd8 (77... Bh6 $17) 78. Bb4 (78. Nc5+ $1 $11 {remains equal.} Kd5 79. Nd7) 78... Nf7 $17 79. Bf8 Be3 80. Bb4 g5 ({Better is} 80... Bg5 $17) 81. Ng3 Nh6 82. Bf8 Ng8 83. Ne4 Bf4 84. Ke2 Kf7 85. Bb4 Nh6 86. Kf3 Ke6 87. Bf8 Nf7 88. Ba3 Nh8 89. Bb4 Ng6 90. Ba5 Nh4+ 91. Kf2 Kd7 92. Nc5+ Ke7 93. Bb4 Be3+ 94. Kg3 Kf6 95. Ba5 Ke7 96. Bb4 Bf4+ 97. Kf2 Kf7 98. Ba5 Ke8 99. Bb4 Ke7 100. Ne4+ Ke6 101. Ba5 Ke7 102. Bb4+ Ke6 103. Ba5 Kd7 104. Bb4 Be3+ 105. Kg3 Ng6 {aiming for ...Nf4.} 106. Kf3 Nf4 107. Nc5+ Kc6 108. Ke4 Nd5 109. Ba3 $2 {[%mdl 8192] [#]} ({White has to play} 109. Na6 $1 $15) 109... Bf4 $2 (109... Nc3+ $1 $19 110. Kxe5 Nb1) 110. Ne6 $11 Ne3 111. Be7 Nxg4 {...Nf2+ is the strong threat.} 112. Bxg5 Nf2+ 113. Kf3 Nxd3 {And now ...Bxg5 would win.} 114. Bxf4 $2 {[%mdl 8192]} (114. Nxf4 $11 Nxf4 115. Ke4) 114... Nxf4 $19 115. Ng5 {Accuracy: White = 59%, Black = 60%.} 0-1

[Event "ESP chT Honor Division 2019"]
[Site "Melilla"]
[Date "2019.10.03"]
[Round "4.19"]
[White "Rakhmanov, Aleksandr"]
[Black "Banusz, Tamas"]
[Result "0-1"]
[WhiteElo "2621"]
[BlackElo "2619"]
[Annotator "TA"]
[PlyCount "164"]
[EventDate "2019.09.30"]
[EventType "team-tourn"]
[EventCountry "ESP"]
[SourceTitle "playchess.com"]
[Source "ChessBase"]
[SourceQuality "1"]

{[%evp 17,164,6,7,16,12,0,0,0,7,-2,6,0,16,0,11,-8,14,-9,0,-12,-10,-37,-28,-58,-34,-29,-39,-39,-33,-43,-31,-50,-16,-20,0,-32,-27,-27,-24,-40,-30,-41,0,0,18,-40,-41,-42,-40,-41,-41,-55,-41,-43,-27,-33,0,-26,0,0,0,0,0,-52,-48,-64,-64,-110,-19,-19,-14,-20,-14,-15,-14,-14,-14,-14,-14,-14,-14,-23,-26,-21,-14,-22,-26,-32,-17,-28,-10,-10,-10,-10,-10,-10,-10,-10,-10,-10,-10,-25,-25,-25,-27,-26,-9,-9,-9,-11,-11,-11,-16,-213,-11,-25,-11,-18,-8,-3318,-5118,-6458,-5102,-29957,-5444,-5393,-4171,-29969,-29969,-29968,-29961,-29970,-29971,-29972,-8,-29977,-29978,-29976,-29979,-29979,-29980,-29981,-29981,-29980,-29982,-29982,-29983,-29982,-29982]} 1. Nf3 d5 2. g3 Bg4 3. Bg2 c6 4. d4 Nf6 5. Nbd2 e6 6. O-O Nbd7 7. Re1 Be7 8. e4 O-O 9. c3 Bh5 10. e5 {D02: 1 d4 d5 2 Nf3 sidelines, including 2...Nf6 3 g3 and 2...Nf6 3 Bf4} Ne8 11. Nb3 {[%cal Bd2b3,Bb3c1,Bc1d3,Bd3f4][%mdl 32]} a5 12. Be3 {The position is equal.} Nc7 (12... Nb6 13. Nc1 Nc4 14. Nd3 a4 15. b3 axb3 16. axb3 Rxa1 17. Qxa1 Nxe3 18. fxe3 {½-½ (45) Gabuzyan,H (2611)-Shimanov,A (2610) Burlingame 2018}) 13. Nc1 c5 14. Nd3 {[%cal Rd4c5]} cxd4 15. cxd4 Nb6 16. b3 $146 ({Predecessor:} 16. Nf4 Bg4 17. h3 Bf5 {1-0 (64) Stefanova,A (2489)-Ushenina,A (2501) Khanty-Mansiysk 2014}) 16... a4 17. Rc1 Ba3 18. Rc2 Na6 19. Nf4 Bg4 20. Rce2 Be7 21. h3 Bf5 22. g4 Be4 23. Nd2 Bxg2 24. Kxg2 Qd7 25. Nf3 Rfc8 26. Nh5 axb3 27. axb3 Qb5 28. Bg5 Bxg5 29. Nxg5 {aiming for Qb1.} h6 (29... Nb4 $15) 30. Nf3 $11 {next g5 is good for White.} Nb4 31. Rd2 ({White should try} 31. g5 $11) 31... Na2 $1 $15 {[%cal Ra2c3] ...Nc3 is the strong threat.} 32. Rc2 Nc3 33. Qc1 $1 Ne4 $1 34. Re3 $1 Rxc2 35. Qxc2 Rc8 36. Qd1 Qb4 37. Ng3 (37. g5 $5) 37... Rc3 38. Rxc3 Qxc3 39. Ne2 Qb2 40. Qd3 (40. Ne1 $11) 40... Nd7 41. h4 Nb8 42. g5 hxg5 (42... Nc6 $17 43. gxh6 gxh6) 43. Nxg5 $11 Qd2 44. Qe3 $1 Qxe3 45. fxe3 {[%mdl 4096] Endgame Black should prevent Nxe4. KNN-KNN} Nd2 46. Nc1 Nc6 47. Kf2 Na5 48. b4 Nc6 49. Ke2 Nb1 50. Na2 Na3 51. Kd3 Nb5 52. Kc2 Ne7 53. Nc3 Nxc3 54. Kxc3 {KN-KN} Nf5 55. e4 Nxh4 56. exd5 exd5 57. e6 fxe6 58. Nxe6 Nf5 59. Kd3 Kh7 60. Nc7 Ne7 61. Ne6 Kg6 62. Nc5 Nc6 63. Nxb7 Nxb4+ 64. Ke3 Kg5 65. Nd8 $2 (65. Nc5 $1 $11 {and White is okay.}) 65... Kg4 $2 ({Black should play} 65... Kf5 $19 66. Nb7 Kg4) 66. Ne6 g5 67. Ke2 $1 Nc6 {Strongly threatening ...Kf5.} 68. Ke3 $2 {[%mdl 8192] [#]} (68. Nc7 $11) 68... Ne7 $1 $19 {[%cal Re7g6]} 69. Kf2 Ng8 70. Nc5 Kh3 71. Ne6 g4 72. Nf4+ Kh2 73. Nh5 Ne7 74. Ng3 Nc6 75. Nf5 Na5 $2 (75... Nb4 {mates} 76. Ne3 g3+ 77. Kf3 Kh3 78. Ke2 g2 79. Kf2 Nd3+ 80. Kg1 Nf4 81. Kf2 Kh2 82. Ng4+ Kh1 83. Kf3 Nd3 84. Ne3 g1=Q 85. Ke2 Nc1+ 86. Kd2 Qf2+ 87. Kxc1 Qxe3+ {[%mdl 64] Double Attack} 88. Kb2 Qxd4+ 89. Kb1 Qc4 90. Kb2 d4 91. Ka1 d3 92. Kb2 d2 93. Ka3 d1=Q 94. Kb2 Qdc1#) 76. Ke3 $2 {[%mdl 8192] [#]} (76. Ne3 $11) 76... g3 {Black mates.} 77. Kf4 g2 78. Nh4 Nc4 79. Kf5 g1=Q 80. Nf3+ Kh1 81. Nxg1 Kxg1 82. Ke6 Ne3 {Accuracy: White = 46%, Black = 59%.} 0-1

[Event "ESP chT Honor Division 2019"]
[Site "Melilla"]
[Date "2019.10.03"]
[Round "4.20"]
[White "Kuzubov, Yuriy"]
[Black "Peralta, Fernando"]
[Result "1/2-1/2"]
[WhiteElo "2636"]
[BlackElo "2569"]
[Annotator "ChessBase"]
[PlyCount "120"]
[EventDate "2019.09.30"]
[EventType "team-tourn"]
[EventCountry "ESP"]
[SourceTitle "playchess.com"]
[Source "ChessBase"]
[SourceQuality "1"]
[TimeControl "40/5400+30:1800+30"]

1. c4 {[%emt 0:00:00]} e6 {[%emt 0:00:17]} 2. Nf3 {[%emt 0:00:07]} d5 {[%emt 0:00:44]} 3. d4 {[%emt 0:00:08]} Nf6 {[%emt 0:00:10]} 4. Nc3 {[%emt 0:00:07]} Bb4 {[%emt 0:00:16]} 5. Bg5 {[%emt 0:00:47]} Nbd7 {[%emt 0:01:18]} 6. cxd5 {[%emt 0:01:54]} exd5 {[%emt 0:00:06]} 7. Nd2 {[%emt 0:00:35]} c6 {[%emt 0:05:02]} 8. e3 {[%emt 0:01:27]} Nf8 {[%emt 0:05:24]} 9. Bd3 {[%emt 0:00:07]} Ng6 {[%emt 0:00:56]} 10. O-O {[%emt 0:00:28]} O-O {[%emt 0:00:21]} 11. f4 {[%emt 0:00:31]} h6 {[%emt 0:05:27]} 12. Bxf6 {[%emt 0:00:14]} Qxf6 {[%emt 0:00:03]} 13. f5 {[%emt 0:00:06]} Qg5 {[%emt 0:08:59]} 14. Qe2 {[%emt 0:01:41]} Nh4 {[%emt 0:08:52]} 15. Nf3 {[%emt 0:01:22]} Nxf3+ {[%emt 0:01:19]} 16. Rxf3 {[%emt 0:00:04]} Bd7 {[%emt 0:08:42]} 17. Qf2 {[%emt 0:03:08]} Rfe8 {[%emt 0:10:39]} 18. Rf1 {[%emt 0:22:32]} Qf6 {[%emt 0:04:12]} 19. g4 {[%emt 0:08:01]} h5 {[%emt 0:23:29]} 20. gxh5 {[%emt 0:02:08]} Bxc3 {[%emt 0:01:57]} 21. bxc3 {[%emt 0:00:10]} c5 {[%emt 0:00:07]} 22. Rg3 {[%emt 0:05:39]} cxd4 {[%emt 0:00:53]} 23. exd4 {[%emt 0:02:54]} Kh8 {[%emt 0:02:19]} 24. Qd2 {[%emt 0:15:02]} a6 {[%emt 0:01:36]} 25. Qg2 {[%emt 0:18:02]} Rac8 {[%emt 0:04:55]} 26. Qxd5 {[%emt 0:02:24]} Bc6 {[%emt 0:00:07]} 27. Qb3 {[%emt 0:01:33]} b5 {[%emt 0:02:26]} 28. Qb2 {[%emt 0:04:27]} Re7 {[%emt 0:01:58]} 29. Qf2 {[%emt 0:05:59]} Bb7 {[%emt 0:00:42]} 30. Be2 {[%emt 0:00:37]} Rec7 {[%emt 0:01:00]} 31. Rc1 {[%emt 0:01:45]} Be4 {[%emt 0:00:38]} 32. a3 {[%emt 0:00:55]} Qxf5 {[%emt 0:00:34]} 33. Qxf5 {[%emt 0:00:30]} Bxf5 {[%emt 0:00:02]} 34. Kf2 {[%emt 0:00:28]} Be6 {[%emt 0:00:50]} 35. Ke1 {[%emt 0:00:51]} Bc4 {[%emt 0:00:35]} 36. Bxc4 {[%emt 0:00:35]} Rxc4 {[%emt 0:00:08]} 37. Kd2 {[%emt 0:00:11]} Ra4 {[%emt 0:00:51]} 38. Ra1 {[%emt 0:00:24]} Rc6 {[%emt 0:00:33]} 39. Rf1 {[%emt 0:00:59]} Kg8 {[%emt 0:00:30]} 40. Ra1 {[%emt 0:00:34]} Kf8 {[%emt 0:00:31]} 41. Re3 {[%emt 0:30:22]} Rh6 {[%emt 0:04:15]} 42. Re5 {[%emt 0:00:00]} g6 {[%emt 0:02:30]} 43. hxg6 {[%emt 0:00:00]} Rxh2+ {[%emt 0:01:16]} 44. Kd3 {[%emt 0:00:00]} Rh3+ {[%emt 0:04:00]} 45. Ke4 {[%emt 0:00:00]} Rxc3 {[%emt 0:04:50]} 46. gxf7 {[%emt 0:00:00]} Raxa3 {[%emt 0:05:27]} 47. Rxa3 {[%emt 0:01:51]} Rxa3 {[%emt 0:00:05]} 48. d5 {[%emt 0:00:13]} Kxf7 {[%emt 0:05:40]} 49. d6 {[%emt 0:00:49]} Ra1 {[%emt 0:01:19]} 50. Kd5 {[%emt 0:01:01]} Rd1+ {[%emt 0:00:49]} 51. Kc6 {[%emt 0:00:42]} b4 {[%emt 0:01:47]} 52. Re3 {[%emt 0:00:38]} a5 {[%emt 0:02:08]} 53. d7 {[%emt 0:00:23]} Rc1+ {[%emt 0:01:26]} 54. Kd6 {[%emt 0:00:48]} Rd1+ {[%emt 0:00:06]} 55. Kc7 {[%emt 0:00:24]} Rc1+ {[%emt 0:00:06]} 56. Kb8 {[%emt 0:00:36]} Rd1 {[%emt 0:00:09]} 57. Kc8 {[%emt 0:00:08]} Rc1+ {[%emt 0:00:03]} 58. Kb8 {[%emt 0:00:53]} Rd1 {[%emt 0:00:06]} 59. Kc8 {[%emt 0:00:14]} Rc1+ {[%emt 0:00:06]} 60. Kb7 {[%emt 0:00:53]} Rd1 {[%emt 0:00:05]} 1/2-1/2

[Event "ESP chT Honor Division 2019"]
[Site "Melilla"]
[Date "2019.10.03"]
[Round "4.21"]
[White "Korneev, Oleg"]
[Black "Forcen Esteban, Daniel"]
[Result "1-0"]
[WhiteElo "2504"]
[BlackElo "2568"]
[Annotator "TA"]
[PlyCount "109"]
[EventDate "2019.09.30"]
[EventType "team-tourn"]
[EventCountry "ESP"]
[SourceTitle "playchess.com"]
[Source "ChessBase"]
[SourceQuality "1"]

{[%evp 15,109,4,16,20,22,16,20,17,21,0,0,0,0,0,0,-9,0,0,-2,0,29,0,1,0,55,55,55,54,137,131,206,206,185,158,153,160,206,206,267,219,227,224,224,224,218,178,180,0,218,0,177,0,184,145,150,124,154,85,85,85,104,0,72,81,82,77,152,134,387,387,394,393,378,339,363,337,312,312,725,707,762,756,5632,5708,6598,5887,926,2477,5624,5616,29972,29973,29969,5937,5895,5608]} 1. e4 e6 2. d4 d5 3. Nd2 c5 4. Ngf3 cxd4 5. Nxd4 Nc6 6. Bb5 Bd7 7. Nxc6 bxc6 8. Bd3 Qc7 9. Qe2 {C07: French Tarrasch: 3...c5, 4 Ngf3 and 4 exd5 Qxd5} Ne7 10. O-O (10. Nf3 Ng6 11. e5 c5 12. c4 dxc4 13. Bxc4 Be7 14. h4 Bc6 15. h5 Nf8 16. h6 g6 {1-0 (33) Navara,D (2734)-Vitiugov,N (2727) Riga 2019}) 10... Ng6 11. Nf3 {The position is equal.} Be7 12. e5 Rb8 13. b3 c5 14. c3 $146 ({Predecessor:} 14. Re1 a5 15. Bd2 a4 16. Rab1 O-O 17. h4 {½-½ (17) Munoz Pantoja,M (2495)-Peralta,F (2537) Sabadell 2017}) 14... a5 15. Bd2 a4 16. Rab1 axb3 17. axb3 Bc6 18. Rfe1 O-O 19. h4 c4 (19... d4 $11) 20. Bxg6 $14 fxg6 21. b4 Qd7 ({Black should try} 21... Qb7 $14) 22. Bg5 $16 d4 (22... Rf7 $16) 23. Nxd4 $18 Bd5 24. Bxe7 Qxe7 {[#]} 25. Qg4 $1 Ra8 26. Ra1 Ra7 27. Qg5 Qb7 28. f3 Rfa8 29. Rxa7 Qxa7 30. Qd2 Qe7 31. Qg5 $2 (31. Qf4 $18) 31... Qf7 $2 (31... Qa7 $1 $11 {and Black stays safe.}) 32. Qd2 Qe7 $1 33. Qg5 Qf7 34. Rb1 h6 35. Qd2 Qe7 36. Qe1 (36. Qf4 $142) 36... g5 $16 37. hxg5 Qxg5 {White must now prevent ...Ra2.} 38. Qe2 ({Better is} 38. Rb2 $16) 38... Ra3 (38... h5 $11) 39. Nb5 Rb3 40. Re1 $36 {[%mdl 2048] White is in control.} Qg6 {[#]} (40... Qg3 $142) 41. Nc7 $1 {[%cal Rc7d5]} Bb7 $2 {[%mdl 8192]} ({Don't go for} 41... Rxc3 $2 42. Nxd5 Qc2 43. Nxc3 $18) (41... Qd3 $16) 42. Qxc4 $18 Bxf3 {[%csl Gf3][%cal Rg6g2]} 43. Qxe6+ Qxe6 44. Nxe6 {[%mdl 4096] Endgame KRB-KRN} Bg4 45. Nf4 Rxc3 46. e6 Rc4 $2 (46... Kf8 47. Nd5 Rc2 48. Rf1+ Ke8) 47. Nd5 Bh5 48. b5 {[%cal Bb4b5,Bb5b6][%mdl 32]} Rc5 49. Re5 Rc1+ 50. Kh2 Be8 51. b6 Rb1 52. Re4 Rb5 {[#]} 53. Nc7 $1 {[%mdl 64] Double Attack} Rh5+ 54. Kg1 Bc6 55. e7 {Accuracy: White = 70%, Black = 37%.} 1-0

[Event "ESP chT Honor Division 2019"]
[Site "Melilla"]
[Date "2019.10.03"]
[Round "4.22"]
[White "Gines Esteo, Pedro Antonio"]
[Black "Asis Gargatagli, Hipolito"]
[Result "1/2-1/2"]
[WhiteElo "2451"]
[BlackElo "2511"]
[Annotator "TA"]
[PlyCount "142"]
[EventDate "2019.09.30"]
[EventType "team-tourn"]
[EventCountry "ESP"]
[SourceTitle "playchess.com"]
[Source "ChessBase"]
[SourceQuality "1"]

{[%evp 14,142,11,0,0,0,11,12,25,7,9,-6,-10,-21,29,23,16,10,4,14,5,-19,10,0,56,33,39,39,81,0,52,0,83,47,119,147,143,118,143,140,144,137,189,172,179,165,176,163,178,164,181,98,104,104,116,112,106,94,85,83,61,25,15,18,15,-10,0,0,84,0,0,0,29,0,0,0,16,0,39,33,33,33,33,29,85,79,116,116,115,113,98,0,0,0,0,0,0,5,8,8,8,0,8,8,8,8,8,0,0,0,8,8,8,8,8,8,8,8,8,8,8,8,8,8,8,0,0,0,0,0,0]} 1. d4 Nf6 2. Nf3 g6 3. c4 Bg7 4. Nc3 d5 5. cxd5 Nxd5 6. Na4 Bf5 7. Nh4 Bc8 8. Nf3 Bf5 {Hoping for ...Nb4. D90: Grünfeld: 4 Nf3 Bg7 sidelines} 9. Nh4 Bc8 10. e4 Nf6 11. Nc3 O-O 12. Be2 c5 13. dxc5 $146 ({Predecessor:} 13. d5 e6 14. Nf3 exd5 15. exd5 Bf5 16. O-O {0-1 (49) Narciso Dublan,M (2530)-Ivanchuk,V (2748) Barcelona 2005}) 13... Qa5 14. O-O Qxc5 15. a3 Nc6 16. Be3 Qa5 17. f4 Be6 18. b4 Qc7 (18... Qd8 $11) 19. Rc1 $14 Rad8 20. Qe1 Qb8 21. Qf2 (21. f5 $16 Bb3 22. Bf4) 21... a6 (21... Ng4 $11 22. Bxg4 Bxg4) 22. Kh1 (22. h3 $14) 22... Rd7 (22... Ng4 $11 23. Bxg4 Bxg4) 23. h3 $16 Rfd8 (23... Rc8 $1 $14) 24. Nf3 h6 25. Qh4 Rd3 26. Bxd3 Rxd3 27. Bg1 Bc4 (27... Qd8 $16 28. Rfe1 Nh5) 28. Rfe1 b5 29. Re3 Rd8 30. e5 Nd5 31. Nxd5 Rxd5 32. e6 (32. Rec3 $18) 32... f5 33. Ree1 Rd3 34. Bc5 Qd8 35. Qg3 Kh7 36. Qf2 Qb8 37. Qh4 Bf6 $1 {[%cal Rf6h4]} 38. Qg3 g5 $1 39. a4 gxf4 40. Qf2 Bd5 (40... Qg8 $11) 41. Rcd1 (41. Qc2 $16 Bc4 42. axb5 axb5 43. Rcd1) 41... Rxd1 $11 42. Rxd1 Bb3 43. axb5 {And now Rb1 would win.} Bxd1 44. bxc6 Qc7 45. Nd4 f3 46. Nxf3 {aiming for Nh4.} Qxc6 {[#]} 47. Nd4 $1 {[%mdl 512]} Qe4 48. Nxf5 Qxe6 (48... Qc2 $11 {keeps the balance.}) 49. Nxh6 $1 $16 {[%mdl 64] Decoy} Kxh6 50. Qd2+ {[%mdl 64] Double Attack} Kg7 {Strongly threatening ...Ba4.} 51. Qxd1 Qc4 {[#]} 52. Qg4+ ({Better is} 52. Qg1 $1 $16) 52... Qxg4 $11 {The position is equal.} 53. hxg4 {[%mdl 4096] Endgame KB-KB} Kg6 54. Kh2 Be5+ 55. Kg1 Kg5 56. Bxe7+ Kxg4 57. Bc5 Bc3 58. Kf2 Bd2 59. Bd6 Bc1 60. Be5 Bd2 61. Bd6 Bc1 62. Bc7 Bd2 63. Ba5 Bc3 64. Kf1 Bd2 65. Ke2 Bc3 66. Kf2 Bd4+ 67. Ke1 Bc3+ 68. Ke2 Kg3 69. Kf1 Kg4 70. b5 Bxa5 71. bxa6 Bb6 {Accuracy: White = 57%, Black = 54%.} 1/2-1/2

[Event "ESP chT Honor Division 2019"]
[Site "Melilla"]
[Date "2019.10.03"]
[Round "4.23"]
[White "Moskalenko, Viktor"]
[Black "Osmak, Iulija"]
[Result "1/2-1/2"]
[WhiteElo "2475"]
[BlackElo "2409"]
[Annotator "TA"]
[PlyCount "95"]
[EventDate "2019.09.30"]
[EventType "team-tourn"]
[EventCountry "ESP"]
[SourceTitle "playchess.com"]
[Source "ChessBase"]
[SourceQuality "1"]

{[%evp 10,95,21,21,12,20,7,5,3,12,23,18,2,6,12,19,19,24,93,97,89,59,274,253,362,364,322,340,328,308,358,262,259,305,250,133,124,113,112,103,174,45,52,54,71,49,89,55,71,24,13,0,4,5,2,0,0,0,0,0,0,0,0,-16,-17,-18,-14,-24,0,0,0,0,0,0,0,0,0,-28,0,0,0,0,0,0,0,0,0,0]} 1. d4 e6 2. c4 Nf6 3. Nc3 Bb4 4. f3 d5 5. a3 Be7 6. e4 dxe4 {E20: Nimzo-Indian: 4 g3 and 4 f3} 7. fxe4 c5 8. d5 O-O 9. Nf3 (9. Bd3 Bd6 10. Bg5 Nbd7 11. Nf3 exd5 12. Nxd5 h6 13. Bh4 Qa5+ 14. Qd2 Qxd2+ 15. Kxd2 Ng4 16. Be7 Bxe7 17. Nxe7+ Kh8 18. Rhe1 Nge5 19. Rad1 {½-½ (19) So,W (2763)-Karjakin,S (2748) Riga 2019}) 9... exd5 10. exd5 Bd6 11. Be2 Bg4 12. O-O $36 {[%mdl 2048] White has some pressure.} Re8 13. Nb5 $146 ({Predecessor:} 13. Bg5 Nbd7 14. Qc2 {½-½ (51) Aditya,M (2288)-Shyam,S (2527) Mumbai 2017}) 13... Ne4 (13... a6 $11 {keeps the balance.} 14. Nxd6 Qxd6) 14. Bd3 $16 Nf6 15. Bg5 Be5 $2 ({Black should try} 15... h6 $1 $14 16. Bh4 (16. Nxd6 Qxd6 17. Bxf6 Qxf6 $14) 16... Bf4) 16. Qc2 $18 Bxf3 {[#]} (16... Nbd7 {keeps fighting.} 17. Nxe5 Rxe5) 17. Bxh7+ $1 {[%mdl 576] Pin} Kf8 {...Be2! is the strong threat.} (17... Nxh7 18. Bxd8) 18. Rxf3 a6 19. Nc3 Bxh2+ 20. Kxh2 Ng4+ {[#]} 21. Kg1 $1 {Intending Rxf7+! and mate.} Qxg5 22. Qf5 (22. Raf1 $18 {[%csl Gf1][%cal Rf3f7]} f6 23. Rg3) 22... Qxf5 $16 23. Bxf5 ({And not} 23. Rxf5 Nf6 $15) 23... Ne5 24. Rh3 Kg8 (24... Ke7 $16) 25. Bh7+ (25. Kf2 $18 {aiming for Rah1.} g6 26. Rah1) 25... Kf8 $14 26. Bc2 {Strongly threatening Ba4.} Nbd7 27. Ba4 (27. d6 $5 {[%cal Rh3h8]} g6 28. Ba4 $11) 27... Ke7 28. Re1 f6 29. Rh7 Kf7 30. Re4 (30. Ne4 {looks sharper.} Kg8 31. Rh3 b5 32. cxb5 Nb6 33. Bc2) 30... Red8 31. Bxd7 Rxd7 32. a4 Re8 33. Rh3 f5 34. Rf4 g5 35. Rxf5+ Kg6 36. Rf2 {Threatens to win with Re3.} Nxc4 37. Rhf3 Re1+ 38. Kh2 Ne5 {And now ...Ng4+ would win.} 39. Rf6+ Kh5 {Hoping for ...Ng4+.} 40. Rf1 Ng4+ 41. Kg3 Nxf6 42. Rxe1 Nxd5 $11 {[%mdl 4096] Endgame KRN-KRN} 43. Ne4 Re7 {[#]} (43... c4 {with more complications.} 44. a5 Re7 45. Kf2 Rf7+ 46. Kg3 Ne7) 44. Nf6+ $1 {[%mdl 512] The position is equal.} Kg6 (44... Nxf6 45. Rxe7) 45. Rxe7 Nxe7 46. Nd7 Nf5+ 47. Kf3 Nd6 48. Nxc5 {Accuracy: White = 67%, Black = 55%.} 1/2-1/2